La tierra está bramando : (Registro nro. 13653)

Detalles MARC
000 -LEADER
fixed length control field 00645nam a2200229 a 4500
001 - CONTROL NUMBER
control field
003 - CONTROL NUMBER IDENTIFIER
control field DO-SdBNP
005 - DATE AND TIME OF LATEST TRANSACTION
control field 20220303124727.0
008 - FIXED-LENGTH DATA ELEMENTS--GENERAL INFORMATION
fixed length control field 091020s1986 dr 000 f spa d
040 ## - CATALOGING SOURCE
Original cataloging agency DO-SdBNP
Language of cataloging spa
Transcribing agency BPMSU
082 ## - DEWEY DECIMAL CLASSIFICATION NUMBER
Classification number RD863.44
Item number C764t 1986
Edition number 22
100 ## - MAIN ENTRY--PERSONAL NAME
Personal name Contreras, Hilma,
Dates associated with a name 1913-2006
245 13 - TITLE STATEMENT
Title La tierra está bramando :
Remainder of title novela /
Statement of responsibility, etc. Hilma Contreras.
260 ## - PUBLICATION, DISTRIBUTION, ETC. (IMPRINT)
Place of publication, distribution, etc. Santo Domingo :
Name of publisher, distributor, etc. Biblioteca Nacional,
Date of publication, distribution, etc. 1986.
300 ## - PHYSICAL DESCRIPTION
Extent 130 p. ;
Dimensions 21 cm.
490 0# - SERIES STATEMENT
Series statement Orfeo
590 ## - LOCAL NOTE (RLIN)
Local note Inventariado, 2019/VM
650 #4 - SUBJECT ADDED ENTRY--TOPICAL TERM
Topical term or geographic name as entry element Novela dominicana
650 #4 - SUBJECT ADDED ENTRY--TOPICAL TERM
Topical term or geographic name as entry element Literatura dominicana.
910 ## - USER-OPTION DATA (OCLC)
User-option data VMateo V.
942 ## - ADDED ENTRY ELEMENTS (KOHA)
Source of classification or shelving scheme Dewey Decimal Classification
Koha item type Libros
Existencias
Withdrawn status Lost status Source of classification or shelving scheme Damaged status Not for loan Collection code Home library Current library Date acquired Source of acquisition Full call number Barcode Date last seen Price effective from Koha item type
    Dewey Decimal Classification     Colección Dominicana Biblioteca Pública Metropolitana Salomé Ureña Biblioteca Pública Metropolitana Salomé Ureña 08/11/2021 Barbara Suncar BPMSU CD RD863.44 C764t 1986 BPMSU22070001 08/11/2021 08/11/2021 Libros